Yendaro mahaanubhaavulu of some telugu brahmins / (Record no. 37338)

MARC details
000 -LEADER
fixed length control field 00703nam a22001937a 4500
005 - DATE AND TIME OF LATEST TRANSACTION
control field 20100723114331.0
010 ## - LCCN (DPL NO)
LC control number ENG-96537
020 ## - INTERNATIONAL STANDARD BOOK NUMBER
Terms of availability 800.00
035 ## - SYSTEM CONTROL NUMBER
System control number EN-80070
037 ## - SOURCE OF ACQUISITION
Source of stock number/acquisition DBAD/PUB
082 ## - DEWEY DECIMAL CLASSIFICATION NUMBER
Classification number 220.22
245 ## - TITLE STATEMENT
Title Yendaro mahaanubhaavulu of some telugu brahmins /
Statement of responsibility, etc compiled by Madiraju Subba Rao
260 ## - PUBLICATION, DISTRIBUTION, ETC. (IMPRINT)
Place of publication, distribution, etc Secunderabad
Name of publisher, distributor, etc Niyogi Bandhu Seva Samithi
Date of publication, distribution, etc 2009
270 ## - ADDRESS
Address # 6-1-292, Padmaraonagar, Regd, No. 1134/03, Secunderabad
City Secunderabad
300 ## - PHYSICAL DESCRIPTION
Extent various pages
Dimensions 22cm (hb)
700 ## - ADDED ENTRY--PERSONAL NAME
Personal name Rao, Madiraju Subba
9 (RLIN) 924
942 ## - ADDED ENTRY ELEMENTS (KOHA)
Source of classification or shelving scheme Dewey Decimal Classification
Item type English Books
Classification part 220.22
Call number suffix YEN
Holdings
Withdrawn status Lost status Not for loan Collection code Home library Current library Date acquired Source of acquisition Cost, normal purchase price Barcode Copy number Cost, replacement price Koha item type
    Not For Loan Non-fiction D.B.Act.Division D.B.Act.Division 23/07/2010 DBAD/PUB 800.00 EN-80070 1 800.00 English Books

© Delhi Public Library
Hit Counter
free hit counter